000 00717nam a22002177a 4500
003 LK-CoDNM
005 20241014134056.0
008 241014b |||||||| |||| 00| 0 eng d
040 _aLK-CoDNM
_dLK-CoDNM
_eLK-CoDNM
041 _asin
080 _aප්‍ර.ග
_b12.1
100 _aකේ. කේ. පියදාස
245 _aගුණෝදය-1969-70
_bකලාප 1-3
260 _c1970
_aගාල්ල
_bආරියදාස මුද්‍රණාලය
300 _b86p. ; 24 cm
650 _aගුණෝදය-1969-70
650 _aකේ. කේ. පියදාස
650 _aආරියදාස මුද්‍රණාලය
650 _aප්‍ර.ග 12.1
942 _cBK
999 _c219283
_d219283